000 00460nam a2200145 a 4500
001 000034209
005 20200930070853.0
008 110928s20uu dr 000 0 spa d
040 _aDO-SdBNP
_bspa
_cBNPHU
100 1 _aMartínez, Ramón
_d1966-
_959629
245 1 0 _aAcordeón moderno :
_btodo lo que necesitas para tocar el acordeón /
_cRamón Martínez.
260 _aSanto Domingo :
_b[s.n.,
_c200?].
300 _av. :
_bil., mús. ;
_c30 cm.
049 _aBNPD
999 _c33700
_d33700